01799nam a2200433 i 450000100060000000300080000600500170001400600190003100700150005000800410006502000280010603500220013404000310015605000240018708000190021108200160023024501310024626400790037730000410045633600310049733700330052833800430056149000470060450000220065158800830067359001620075665000800091865000240099865000290102265000230105165500270107470000350110170000390113670000440117579700180121983000480123785600630128599900170134862431FINmELB20241217142245.0m o d | cr cnu||||||||220222s2020 sp o 001 0 spa d a9788418254604q(e-book) a(OCoLC)1222929688 aFINmELBbspaerdacFINmELB 4aRC660.A2bM689 2020 a616.379-008.6404a616.46222300aModelos de diabetes mellitus en animales de experimentación /cJuan Carlos García Pérez, Javier Arias Díaz (Editores). 1aAlcalá de Henares, España :bEditorial Universidad de Alcalá,c2020. a1 recurso en línea (118 páginas) atextobtxt2rdacontent/spa acomputadorabc2rdamedia/spa arecurso en líneabcr2rdacarrier/spa1 aTextos Universitarios, Ciencias Sanitarias aIncluye índice. aDescripción basada en metadatos suministrados por el editor y otras fuentes. aRecurso electrónico. Santa Fe, Arg.: elibro, 2022. Disponible vía World Wide Web. El acceso puede estar limitado para las bibliotecas afiliadas a elibro. 0aDiabetes mellitus and other disorders of the pancreatic internal secretion. 0aLaboratory animals. 4aAnilames de laboratorio. 4aDiabetes mellitus. 4aLibros electrónicos.1 aArias Díaz, Javier,eeditor.1 aBalibrea, José Luis,eprólogo.1 aGarcía Pérez, Juan Carlos,eeditor.2 aelibro, Corp. 0aTextos Universitarios, Ciencias Sanitarias.40uhttps://elibro.net/ereader/politecnicointernacional/131924 c62431d62431